00400nam a2200097Ia 45000010005000000080041000050820021000461000074000672450140001412600021002811483241024s9999 xx 000 0 und d aRD/342.068/R426c aRepública Dominicana.Ministerio de Administración Pública (MAP) 0aCompendio de Normas sobre Profesionalización de la Función Pública (Ley de Función Pública y sus Reglamentos de Aplicación) bTele-32011c2011